U susedov priemyselné parky, u nás zatiaľ iba národné

Na Slovensku sa industriálne parky budujú v súčasnosti len slovne. Zámer vlády vybudovať štyri priemyselné parky. Prekážky pri budovaní priemyselných parkov. Možnosti v Banskobystrickom kraji. Budovanie priemyselných parkov v Česku a v Maďarsku

Gespeichert in:
Bibliographische Detailangaben
1. Verfasser: Onuferová, Marianna
Format: Buchkapitel
Sprache:Slowakisch
Schlagworte:
Tags: Tag hinzufügen
Keine Tags, Fügen Sie das erste Tag hinzu!

MARC

LEADER 00000naa a2200000 4500
001 r040994
005 20230920072628.7
041 0 |a slo 
044 |a SK 
245 1 0 |a U susedov priemyselné parky, u nás zatiaľ iba národné  |c Marianna Onuferová 
520 |a Na Slovensku sa industriálne parky budujú v súčasnosti len slovne. Zámer vlády vybudovať štyri priemyselné parky. Prekážky pri budovaní priemyselných parkov. Možnosti v Banskobystrickom kraji. Budovanie priemyselných parkov v Česku a v Maďarsku 
610 2 0 |a parky priemyselné 
610 2 0 |a parky vedeckotechnické 
610 2 0 |a zóny 
610 2 0 |a podnikanie 
610 2 0 |a podnikatelia 
610 2 0 |a investori 
610 2 0 |a podpora podnikania 
610 2 0 |a regióny 
100 1 |a Onuferová, Marianna